00669nam a2200181Ia 4500001000700000003000500007005001700012007000300029008004100032010001100073040000900084100002700093245021500120260003500335300002200370500006400392650003100456Z_5101CHAP20221021003019.0ta220113s2003 xx 000 0 und d a168158 cCHAP1 aMaldonado Simán, Ema10aEvaluación de la eficacia del diazinón y la ivermectina en el control de la mosca del cuerno (Haematobia irritans) en bovinos en pastoreo en Tuxpán, Veracruz, México /cpor Ema Maldonado Simán y otros aMéxico, D. F. :bUNAM,c2003 apáginas 261-267 aReimpresión de la Revista Veterinaria México 34(3) 20031 aMosca del cuernoxVeracruz